Schnelle Mathematik - Zahlen im Hexadezimalsystem Level 04 - Statistiken

Allgemein
  • Dieses Quiz wurde 97 mal gespielt
  • Das Durchschnittsergebnis liegt bei 14 aus 20
Antwortstatistiken
Nummer % Korrekt
1
100%
2
97%
3
97%
4
93%
5
93%
6
93%
7
93%
8
93%
9
93%
A
66%
B
62%
C
62%
D
62%
E
62%
F
62%
10
31%
11
31%
12
28%
13
28%
14
28%
Keine übereinstimmenden Quizze gefunden
Verteilung der Resultate
Anzahl Personen mit jedem Resultat
Perzentil nach korrekt beantworteten Fragen
Ihre Resultats-Entwicklung
Sie haben dieses Quiz noch nicht gespielt